Este país es un coctel molotov /
Αποθηκεύτηκε σε:
| Κύριος συγγραφέας: | |
|---|---|
| Μορφή: | Κείμενο |
| Θέματα: | |
| Ετικέτες: |
Προσθήκη ετικέτας
Δεν υπάρχουν, Καταχωρήστε ετικέτα πρώτοι!
|
MARC
| LEADER | 00000 a a2200000 04500 | ||
|---|---|---|---|
| 001 | 7069 | ||
| 003 | |||
| 040 | |||
| 100 | |a Martínez, Emma G. | ||
| 245 | |a Este país es un coctel molotov / |c Emma G. Martínez | ||
| 650 | |a ECONOMIA | ||
| 650 | |a POLITICA | ||
| 650 | |a ENCUESTAS | ||
| 650 | |a OPINION PUBLICA | ||
| 650 | |a REFORMAS CONSTITUCIONALES | ||
| 650 | |a ELECCIONES | ||
| 650 | |a VOTACION | ||
| 650 | |a VIOLENCIA | ||
| 650 | |a CORRUPCION | ||
| 773 | |g volumen 13, número 145; páginas 17-22 | ||
| 999 | |c 27936 |d 27936 | ||
